Princesses Disney - Statistiques

Statistiques générales
  • Ce quiz a été pris 310 fois
  • Le résultat moyen est 13 sur 15
Statistiques - réponses
Princesses Disney Réponses % Correct
Blanche Neige Blanche Neige
97%
Cendrillon Cendrillon
97%
Aurore Aurore
94%
Ariel Ariel
92%
Belle Belle
90%
Jasmine Jasmine
87%
Mulan Mulan
87%
Tiana Tiana
87%
Anna Anna
86%
Elsa Elsa
86%
Merida Merida
86%
Pocahontas Pocahontas
86%
Raiponce Raiponce
86%
Raya Raya
86%
Vaiana Vaiana
86%
Aucun quiz correspondant
Distribution des résultats
% des personnes avec chaque résultat
Percentile par nombre de réponses
Votre historique - résultats
Vous n’avez pas pris ce quiz